Largest Cities in Canada On a Map - Statistics

General Stats
  • This quiz has been taken 1,286 times
  • The average score is 15 of 24
Answers on the Map
Answers color-coded by a green-red scale on the quiz's map according to % correct below.
 
Answer Stats
Population Cities % Correct
5,583,064 Toronto
98%
2,313,328 Vancouver
98%
3,824,221 Montreal
95%
1,214,839 Calgary
92%
1,159,869 Edmonton
91%
1,236,324 Ottawa
91%
765,706 Quebec City
89%
730,018 Winnipeg
86%
390,328 Halifax
83%
344,615 Victoria
76%
210,556 Regina
73%
260,600 Saskatoon
71%
196,966 St. John's
71%
474,786 London
60%
721,053 Hamilton
57%
319,246 Windsor
56%
392,184 St. Catharines
43%
477,160 Kitchener
38%
179,839 Kelowna
34%
160,770 Sudbury
32%
201,890 Sherbrooke
27%
356,177 Oshawa
25%
170,191 Abbotsford
23%
187,013 Barrie
17%
No matching quizzes found
Score Distribution
Percent of People with Each Score
Percentile by Number Answered
Your Score History
You have not taken this quiz